Минимизация вычислительной работы: асимптотически оптимальные алгоритмы для эллиптических задач

Podrobná bibliografie
Hlavní autor: Дьяконов Е. Г. Евгений Георгиевич
Jazyk:ruština
Vydáno: Москва, Наука, 1989
Témata:
Médium: Kniha
KOHA link:https://koha.lib.tpu.ru/cgi-bin/koha/opac-detail.pl?biblionumber=89642

MARC

LEADER 00000nam0a2200000 4500
001 89642
005 20231031103136.0
010 |a 502013970X 
035 |a (RuTPU)RU\TPU\book\96174 
090 |a 89642 
100 |a 20060125d1989 m y0rusy50 ca 
101 0 |a rus 
102 |a RU 
105 |a y z 001zy 
200 1 |a Минимизация вычислительной работы  |e асимптотически оптимальные алгоритмы для эллиптических задач  |f Е. Г. Дьяконов 
210 |a Москва  |c Наука  |d 1989 
215 |a 272 с. 
320 |a Библиогр.: с. 253-266. 
320 |a Предметный указатель: с. 267-268. 
610 1 |a дифференциальные уравнения 
610 1 |a частные производные 
610 1 |a решение 
610 1 |a асимптотические методы 
610 1 |a краевые задачи 
675 |a 519.63  |v 3 
700 1 |a Дьяконов  |b Е. Г.  |g Евгений Георгиевич 
801 1 |a RU  |b 63413507  |c 20060125  |g PSBO 
801 2 |a RU  |b 63413507  |c 20070802  |g PSBO 
942 |c BK